000 00627nam a22001937a 4500
005 20250220124519.0
010 _aENG-143042
020 _a978818157396
_c250.0
035 _aEN-126574
037 _bDBAD
082 _a153.69
_21
100 _aNuernberger, Phil
_978264
245 _aThe Quest for Personal Power:
_bTransforming Stress into Strength/
_cby Phil Nuernberger
250 _a1
260 _aUttarakhand
_bHimalayan Institute Hospital Trust
270 _aSwami Ram Nagar, P.O. Doiwala Distt. Dehradun,
_bUttarakhand
_e248140
300 _a345p.
_c22cm(pb).
942 _2ddc
_cEN
_h153.69
_mNUE
_e1
999 _c209579
_d209579